<?xml version="1.0" encoding="UTF-8"?>
<collection xmlns="http://www.loc.gov/MARC21/slim">
 <record>
  <leader>     na                 </leader>
  <controlfield tag="001">INLIS000000000009201</controlfield>
  <controlfield tag="005">20211112033403</controlfield>
  <datafield tag="035" ind1=" " ind2=" ">
   <subfield code="a">0010-0721004460</subfield>
  </datafield>
  <controlfield tag="008">211112                g          0      </controlfield>
  <datafield tag="245" ind1="1" ind2=" ">
   <subfield code="a">Penemuan Hukum Oleh Hakim Dalam Persefektif Hukum Progesif</subfield>
  </datafield>
  <datafield tag="100" ind1="1" ind2=" ">
   <subfield code="a">Rifai,Ahmad</subfield>
  </datafield>
  <datafield tag="250" ind1=" " ind2=" ">
   <subfield code="a">1</subfield>
  </datafield>
  <datafield tag="260" ind1=" " ind2=" ">
   <subfield code="a">Jakarta :</subfield>
   <subfield code="b">Sinar Grafika,</subfield>
   <subfield code="c">2011</subfield>
  </datafield>
  <datafield tag="300" ind1=" " ind2=" ">
   <subfield code="a">298 hlm. ;</subfield>
   <subfield code="c">23 cm.</subfield>
  </datafield>
  <datafield tag="020" ind1=" " ind2=" ">
   <subfield code="a">978-979-007-317-3</subfield>
  </datafield>
  <datafield tag="084" ind1=" " ind2=" ">
   <subfield code="a">340 RIF p</subfield>
  </datafield>
  <datafield tag="520" ind1=" " ind2=" ">
   <subfield code="a">Penemuan hukum oleh hakim Dalam Persfektif Hukum Progresif Penegakan hukum di Indonesia saat ini, dinilai tidak cnencernminkan keadilan clan ticlak berpihak pada masyarakat luas. Sorotan tajarn dituyukan kepada aparat penegak hukum, yaitu polisi, jaksa, hakirn serta advokat, yang dipersalahkan sebagai penyebab rnerosotnya kewibawaan hukum.Undang-undang sebagai salah satu pedoman hakim dalam memeriksa, mengadili dan menjatuhkan putusan, kadangkala belurnm ada, tidak lengkap atau tidakielas, sehingga hakim dituntut untuk menemukan, melengkapinya atau mencari kcielasan akan ketentuann hukumnya, dengan mencari, menggali atau mengikuti nilai-nilai hukum clan keadilan yang hidup dalam masyarakat, sehinga putusan hakirn akan merefleksikan rasa keadflan clan kebenaran serta membawa keniaslahatan bagi masyarakat luas, bangsa dan negara.Putusan hakirn yang baik, seharusnya dapat merefleksikan rasa keadilan, kebenaran, dan yang dapat membawa kemaslahatan bagi masyarakat luas, bangsa dan negara. Selain itu, hakim harus berpandangan visioner, agar putusan-putusannya tidak ketinggalan dengan perkembangan zaman Pembaca buku ird, akan diajak untuk memahami sekitar problematika yang dihadapi hakim dalam menjatuhkan suatu putusan, dan bagaimana hakim berusaha melakukan penemuan hukum untuk melengkapi ketentuan hukum yang belum ada, tidak lengkap atau tidak jelas atau adanya konflik antara ketentuan hukum yang satu dengan ketentuan hukum yang lainnya.</subfield>
  </datafield>
  <datafield tag="082" ind1=" " ind2=" ">
   <subfield code="a">340</subfield>
  </datafield>
  <datafield tag="650" ind1=" " ind2="4">
   <subfield code="a">Ilmu Hukum</subfield>
  </datafield>
  <datafield tag="650" ind1=" " ind2="4">
   <subfield code="a">Progesif</subfield>
  </datafield>
  <datafield tag="863" ind1=" " ind2=" ">
   <subfield code="a">2</subfield>
  </datafield>
  <datafield tag="700" ind1="0" ind2=" ">
   <subfield code="a">Tarmizi</subfield>
  </datafield>
  <datafield tag="990" ind1=" " ind2=" ">
   <subfield code="a">11721</subfield>
  </datafield>
  <datafield tag="990" ind1=" " ind2=" ">
   <subfield code="a">048870</subfield>
  </datafield>
  <datafield tag="990" ind1=" " ind2=" ">
   <subfield code="a">048871</subfield>
  </datafield>
  <datafield tag="990" ind1=" " ind2=" ">
   <subfield code="a">048872</subfield>
  </datafield>
  <datafield tag="990" ind1=" " ind2=" ">
   <subfield code="a">048873</subfield>
  </datafield>
  <datafield tag="990" ind1=" " ind2=" ">
   <subfield code="a">048874</subfield>
  </datafield>
  <datafield tag="990" ind1=" " ind2=" ">
   <subfield code="a">048850</subfield>
  </datafield>
  <datafield tag="990" ind1=" " ind2=" ">
   <subfield code="a">048851</subfield>
  </datafield>
  <datafield tag="990" ind1=" " ind2=" ">
   <subfield code="a">048852</subfield>
  </datafield>
  <datafield tag="990" ind1=" " ind2=" ">
   <subfield code="a">048853</subfield>
  </datafield>
  <datafield tag="990" ind1=" " ind2=" ">
   <subfield code="a">048854</subfield>
  </datafield>
 </record>
</collection>
